[Event "Scarborough CC Winter Swiss"]
[Site "Toronto CAN"]
[Date "2023.02.16"]
[Round "1.5"]
[White "Chamberland, Luc"]
[Black "Valles, Alyver"]
[Result "1/2-1/2"]
[WhiteElo "1621"]
[BlackElo "1955"]
[PlyCount "132"]
[EventDate "2023.02.16"]
[EventType "swiss"]
[EventRounds "6"]
[EventCountry "CAN"]

1. e4 c5 2. c3 d6 3. d4 cxd4 4. cxd4 Nf6 5. Nc3 g6 6. Bd3 Bg7 7. Nge2 O-O 8.
O-O a6 9. f3 Bd7 10. Be3 Nc6 11. Rc1 Ne8 12. Qd2 f5 13. Bb1 Qc7 14. d5 Ne5 15.
Na4 Qd8 16. Nb6 Bb5 17. b3 Rb8 18. a4 Bxe2 19. Qxe2 f4 20. Bf2 Nd7 21. Nxd7
Qxd7 22. Bb6 Be5 23. Rc2 Nf6 24. Rc7 Qe8 25. Rfc1 e6 26. dxe6 Qxe6 27. Bd3 d5
28. Bc5 Bxc7 29. Bxf8 Rxf8 30. Kf1 Bb6 31. e5 Be3 32. Rb1 Qxe5 33. Qc2 b6 34.
Qc6 Re8 35. Re1 Re6 36. Qc8+ Kg7 37. Bxa6 Re8 38. Qc6 Kh6 39. Bb5 Re6 40. Qc2
d4 41. Bd3 Qc5 42. Qxc5 bxc5 43. a5 Nd7 44. a6 Nb6 45. Be4 Rd6 46. a7 Rd8 47.
Ra1 Na8 48. Ke2 Kg5 49. Kd3 Kf6 50. Kc4 Ke5 51. Ra5 d3 52. Bxd3 Rd4+ 53. Kc3
Rb4 54. Be4 Rxe4 55. fxe4 Kxe4 56. Ra6 Kd5 57. Kd3 g5 58. Rh6 Bd4 59. Rxh7 Nb6
60. a8=Q+ Nxa8 61. h4 gxh4 62. Rxh4 Be3 63. Rh5+ Kc6 64. g3 Nc7 65. gxf4 Bxf4
66. Kc4 Bd6 1/2-1/2

[Event "Scarborough CC Winter Swiss"]
[Site "Toronto CAN"]
[Date "2023.02.16"]
[Round "1.6"]
[White "Zhong, Ryan Yunhui"]
[Black "Guan, Daniel"]
[Result "1/2-1/2"]
[WhiteElo "2026"]
[BlackElo "1606"]
[PlyCount "126"]
[EventDate "2023.02.16"]
[EventType "swiss"]
[EventRounds "6"]
[EventCountry "CAN"]

1. e4 c5 2. Nf3 Nc6 3. Bb5 g6 4. O-O Nf6 5. Re1 Bg7 6. c3 O-O 7. d4 cxd4 8.
cxd4 d5 9. e5 Ne4 10. Nbd2 Nxd2 11. Bxd2 Bg4 12. Bxc6 bxc6 13. h3 Bxf3 14. Qxf3
Qb6 15. Qc3 Rab8 16. b3 Rfc8 17. Rac1 e6 18. Bg5 Bf8 19. Re2 c5 20. Rec2 c4 21.
Qe3 Ba3 22. Rb1 Qb4 23. Rc3 a5 24. Bh6 Qe7 25. Qg3 a4 26. Rf3 cxb3 27. axb3
axb3 28. Bg5 Qe8 29. Rfxb3 Rxb3 30. Rxb3 Be7 31. h4 h5 32. Rf3 Rc4 33. Qf4 Bxg5
34. hxg5 Qd7 35. g4 hxg4 36. Qxg4 Qc7 37. Qf4 Qa7 38. Rd3 Qa1+ 39. Kg2 Rc1 40.
Qh2 Rc3 41. Qg3 Rxd3 42. Qxd3 Qc1 43. Qg3 Qd2 44. Qg4 Qd3 45. Qf4 Kf8 46. Qh4
Kg8 47. Qg4 Kf8 48. Qf4 Kg8 49. Kg1 Qd1+ 50. Kg2 Qd3 51. Qh4 Qc3 52. Kf1 Qc1+
53. Ke2 Qc2+ 54. Kf1 Qd3+ 55. Kg2 Qc3 56. Qg4 Qd3 57. Qf4 Kf8 58. Qh4 Kg8 59.
Qg4 Kf8 60. Kh2 Qd2 61. Kg3 Qd3+ 62. f3 Qd2 63. Kh3 Qd1 1/2-1/2

[Event "Scarborough CC Winter Swiss"]
[Site "Toronto CAN"]
[Date "2023.02.16"]
[Round "1.7"]
[White "Wang, Nathan"]
[Black "Sharpe, Sam"]
[Result "1/2-1/2"]
[WhiteElo "1717"]
[BlackElo "1914"]
[PlyCount "93"]
[EventDate "2023.02.16"]
[EventType "swiss"]
[EventRounds "6"]
[EventCountry "CAN"]

1. e4 c5 2. Nc3 Nc6 3. Bb5 g6 4. Bxc6 bxc6 5. d3 Bg7 6. f4 d6 7. Nf3 e6 8. O-O
Ne7 9. Qe1 f5 10. e5 d5 11. Na4 c4 12. dxc4 dxc4 13. Be3 Nd5 14. Rd1 O-O 15.
Nc5 Re8 16. b3 Qc7 17. bxc4 Nxe3 18. Qxe3 Bf8 19. Nb3 Ba6 20. Rd4 c5 21. Rd2
Bxc4 22. Rfd1 Rad8 23. h3 a5 24. Qc3 Bxb3 25. axb3 Rxd2 26. Qxd2 c4 27. Kh2
cxb3 28. cxb3 Rb8 29. Ng5 Re8 30. Rc1 Qb6 31. Qc3 h6 32. Nf3 Bb4 33. Qc6 Qxc6
34. Rxc6 Kf7 35. Nd4 g5 36. g3 gxf4 37. gxf4 Bd2 38. Kg3 Be3 39. Rc7+ Re7 40.
Rxe7+ Kxe7 41. Nc6+ Kd7 42. Nxa5 Bd2 43. Nc4 Be1+ 44. Kf3 Kc6 45. Ke2 Bg3 46.
Kf3 Be1 47. Ke2 1/2-1/2

[Event "Scarborough CC Winter Swiss"]
[Site "Toronto CAN"]
[Date "2023.02.23"]
[Round "2.1"]
[White "Li, Adam"]
[Black "Southam, David"]
[Result "0-1"]
[WhiteElo "1941"]
[BlackElo "2038"]
[PlyCount "83"]
[EventDate "2023.02.16"]
[EventType "swiss"]
[EventRounds "6"]
[EventCountry "CAN"]

1. e4 e6 2. d4 d5 3. Nd2 c5 4. c3 cxd4 5. cxd4 dxe4 6. Nxe4 Nc6 7. Nf3 Nf6 8.
Bd3 Nxe4 9. Bxe4 Bb4+ 10. Bd2 Bxd2+ 11. Qxd2 O-O 12. Bxc6 bxc6 13. O-O Qb6 14.
Rac1 Rd8 15. b3 a5 16. Qg5 Bb7 17. Rfe1 h6 18. Qg3 a4 19. Rb1 a3 20. Rbc1 Ra5
21. Re4 Qb4 22. Qc7 Rc8 23. Qd7 Rd5 24. Rc4 Rxd7 25. Rxb4 c5 26. Rxb7 Rxb7 27.
Re1 c4 28. Rc1 Kh7 29. bxc4 Rxc4 30. Ra1 Rc2 31. h3 Rcb2 32. Kh2 Rb1 33. Rxb1
Rxb1 34. Ne5 Rb2 35. Nxf7 Rxa2 36. Nd8 Re2 37. Kg3 a2 38. Kf3 Re1 39. d5 exd5
40. Nf7 a1=Q 41. Kg3 Qf6 42. Kh2 0-1

[Event "Scarborough CC Winter Swiss"]
[Site "Toronto CAN"]
[Date "2023.02.23"]
[Round "2.2"]
[White "Huang, Richard"]
[Black "Wu, Benjamin"]
[Result "1-0"]
[WhiteElo "2057"]
[BlackElo "1895"]
[PlyCount "27"]
[EventDate "2023.02.16"]
[EventType "swiss"]
[EventRounds "6"]
[EventCountry "CAN"]

1. d4 d5 2. Nf3 Nf6 3. Bf4 e6 4. e3 Bd6 5. Bd3 O-O 6. O-O b6 7. Ne5 Bb7 8. Nd2
c5 9. c3 Qc7 10. Qf3 Nc6 11. Qg3 g6 12. Nxg6 Bxf4 13. Nxf4+ Kh8 14. Ng6+ 1-0

[Event "Scarborough CC Winter Swiss"]
[Site "Toronto CAN"]
[Date "2023.02.23"]
[Round "2.3"]
[White "Sharpe, Sam"]
[Black "Guo, Joshua"]
[Result "0-1"]
[WhiteElo "1914"]
[BlackElo "2243"]
[PlyCount "100"]
[EventDate "2023.02.16"]
[EventType "swiss"]
[EventRounds "6"]
[EventCountry "CAN"]

1. e4 c5 2. Nf3 d6 3. d4 cxd4 4. Nxd4 Nf6 5. Nc3 a6 6. Be3 e5 7. Nb3 Be6 8. f3
Nbd7 9. Qd2 b5 10. h4 Be7 11. O-O-O Nb6 12. g4 Nc4 13. Bxc4 bxc4 14. Na1 O-O
15. h5 Nd7 16. g5 f5 17. gxf6 Nxf6 18. Nd5 Nxd5 19. exd5 Bf5 20. Rdg1 Rf7 21.
Rh2 Bf6 22. Rhg2 Rb8 23. Bg5 e4 24. c3 exf3 25. Rf2 Bxg5 26. Rxg5 Bd3 27. Nc2
Qa5 28. Nb4 Rxb4 29. cxb4 Qxa2 30. Qc3 Re7 31. Kd2 Qa1 32. Qc1 Qa4 33. Qc3 Qa1
34. Qc1 Qxc1+ 35. Kxc1 Be2 36. Kd2 Re4 37. Rf5 g6 38. hxg6 hxg6 39. R5xf3 Bxf3
40. Rxf3 Rd4+ 41. Kc3 Rd3+ 42. Rxd3 cxd3 43. Kxd3 Kf7 44. Ke4 Kf6 45. Kf4 g5+
46. Kg4 Kg6 47. Kg3 Kf5 48. Kf3 Ke5 49. Kg4 Kxd5 50. Kxg5 Ke4 0-1

[Event "Scarborough CC Winter Swiss"]
[Site "Toronto CAN"]
[Date "2023.02.23"]
[Round "2.4"]
[White "Valles, Alyver"]
[Black "Wang, Nathan"]
[Result "0-1"]
[WhiteElo "1955"]
[BlackElo "1717"]
[PlyCount "88"]
[EventDate "2023.02.16"]
[EventType "swiss"]
[EventRounds "6"]
[EventCountry "CAN"]

1. d4 Nf6 2. Nf3 g6 3. g3 d5 4. Bg2 Bg7 5. O-O O-O 6. Bg5 Ne4 7. Be3 c5 8. c3
cxd4 9. Nxd4 e5 10. Nc2 Nc6 11. f3 Nf6 12. Qd2 Bf5 13. Nba3 Rb8 14. Kh1 Qe7 15.
g4 Be6 16. b4 d4 17. cxd4 Rfd8 18. Bg5 Nxd4 19. Nxd4 Rxd4 20. Qe3 Rxb4 21. Qxe5
Rd8 22. Rad1 h6 23. Bxf6 Bxf6 24. Rxd8+ Qxd8 25. Qe3 Ra4 26. Nb5 Kg7 27. h3 a6
28. Nc3 Ra3 29. Rd1 Rxc3 30. Rxd8 Rxe3 31. Rd2 Ra3 32. f4 Rxa2 33. Rxa2 Bxa2
34. Bxb7 a5 35. Bc6 Bb3 36. e4 Bd4 37. Kg2 a4 38. Bxa4 Bxa4 39. Kf3 Bc6 40. h4
f5 41. g5 fxe4+ 42. Ke2 h5 43. Kd2 Kf7 44. Ke2 Ke6 0-1

[Event "Scarborough CC Winter Swiss"]
[Site "Toronto CAN"]
[Date "2023.02.23"]
[Round "2.5"]
[White "Gao, Heye"]
[Black "Zhong, Ryan Yunhui"]
[Result "0-1"]
[WhiteElo "1729"]
[BlackElo "2026"]
[PlyCount "106"]
[EventDate "2023.02.16"]
[EventType "swiss"]
[EventRounds "6"]
[EventCountry "CAN"]

1. e4 e6 2. d4 d5 3. e5 c5 4. c3 Nc6 5. Nf3 Bd7 6. Bd3 Qb6 7. dxc5 Bxc5 8. O-O
Qc7 9. Bf4 Nge7 10. Qe2 f5 11. Nbd2 Ng6 12. Bg3 Be7 13. c4 d4 14. Nb3 O-O 15.
h3 f4 16. Bxg6 hxg6 17. Bh2 Rac8 18. Rac1 Rf7 19. Nbxd4 Nxd4 20. Nxd4 Bc5 21.
Nf3 Rcf8 22. Rc3 Rf5 23. a3 Bc6 24. Re1 Bxf3 25. Rxf3 Bd4 26. Qc2 Rxe5 27. Rd1
g5 28. g3 Bb6 29. Qd3 Ref5 30. g4 R5f6 31. b4 Qc6 32. c5 Rd8 33. Qe2 Rxd1+ 34.
Qxd1 Bc7 35. Qb3 Qe4 36. b5 Kh8 37. b6 axb6 38. cxb6 Be5 39. Rd3 Bd4 40. Qc2
Qe1+ 41. Kg2 Qe4+ 42. f3 Qd5 43. Bg1 e5 44. Bxd4 exd4 45. Qd2 Rd6 46. a4 Qc4
47. a5 Re6 48. Kf2 Rd6 49. Qe2 Qb5 50. Ra3 d3 51. Qd2 Qc5+ 52. Kg2 Qxa3 53. h4
Re6 0-1

[Event "Scarborough CC Winter Swiss"]
[Site "Toronto CAN"]
[Date "2023.02.23"]
[Round "2.6"]
[White "Zhong, April"]
[Black "Chamberland, Luc"]
[Result "1-0"]
[WhiteElo "1855"]
[BlackElo "1621"]
[PlyCount "70"]
[EventDate "2023.02.16"]
[EventType "swiss"]
[EventRounds "6"]
[EventCountry "CAN"]

1. e4 e6 2. d4 d5 3. Nd2 Nf6 4. e5 Nfd7 5. Bd3 c5 6. c3 Nc6 7. Ne2 f6 8. Nf4
Qe7 9. Qh5+ Qf7 10. Bg6 hxg6 11. Qxh8 fxe5 12. Nh3 exd4 13. cxd4 Nxd4 14. O-O
Nf6 15. Ng5 Qe7 16. f4 Bd7 17. Ndf3 Nxf3+ 18. Nxf3 O-O-O 19. Ne5 Ne4 20. Be3
Qf6 21. Qh7 d4 22. Bf2 Bb5 23. Bh4 g5 24. Qxe4 gxh4 25. Rfd1 Bd6 26. a4 Be8 27.
b4 Qf5 28. Qxf5 exf5 29. bxc5 Bxc5 30. Rdc1 b6 31. Nd3 Rd5 32. a5 Kc7 33. axb6+
axb6 34. Ra7+ Kb8 35. Rxg7 Bb5 1-0

[Event "Scarborough CC Winter Swiss"]
[Site "Toronto CAN"]
[Date "2023.02.23"]
[Round "2.7"]
[White "Zhao, Jifan"]
[Black "Yang, Larry"]
[Result "1/2-1/2"]
[WhiteElo "1984"]
[BlackElo "1810"]
[PlyCount "177"]
[EventDate "2023.02.16"]
[EventType "swiss"]
[EventRounds "6"]
[EventCountry "CAN"]

1. e4 e5 2. Nf3 Nc6 3. Bb5 a6 4. Ba4 Nf6 5. d3 b5 6. Bb3 Be7 7. O-O d6 8. a4 b4
9. a5 O-O 10. Nbd2 Bg4 11. h3 Be6 12. Qe2 Kh8 13. Bc4 Nh5 14. Nb3 Bxc4 15. dxc4
Nf6 16. Bg5 Ng8 17. Bxe7 Qxe7 18. c5 dxc5 19. Qc4 Nd4 20. Qxc5 Nxf3+ 21. gxf3
Qg5+ 22. Kh2 Qf4+ 23. Kg2 f5 24. Qe3 Qh4 25. exf5 Rxf5 26. Qe4 Qg5+ 27. Kh2
Raf8 28. Rg1 Qh5 29. Nd2 c5 30. Rg3 Qh6 31. Qg4 Rf4 32. Qg5 Qxg5 33. Rxg5 Rd8
34. Ne4 Rd5 35. Kg2 Nf6 36. Ng3 h6 37. Rf5 Rc4 38. Ne4 Nxe4 39. Rf8+ Kh7 40.
fxe4 Rxe4 41. Rc8 Rf4 42. Rc6 Rf6 43. Rxf6 gxf6 44. c3 Rd2 45. cxb4 cxb4 46. b3
Rb2 47. Rc1 Ra2 48. Rc4 Rxa5 49. Rxb4 Rb5 50. Ra4 Rxb3 51. Rxa6 Kg6 52. Ra4 h5
53. h4 Kf5 54. f3 Rd3 55. Kg3 Rb3 56. Ra5 Kg6 57. Ra4 Rd3 58. Rb4 Rd4 59. Rb8
Rd7 60. Rb4 Re7 61. Ra4 Re6 62. Kf2 f5 63. Ke3 Rb6 64. Ra3 Kf6 65. Ra4 Rb3+ 66.
Kf2 Rb2+ 67. Kf1 Rb6 68. Kf2 f4 69. Ra8 Rb2+ 70. Kg1 Re2 71. Rf8+ Kg7 72. Rf5
Kg6 73. Rf8 Re3 74. Kf2 Ra3 75. Re8 Ra5 76. Rg8+ Kh7 77. Re8 Rd5 78. Ke2 Ra5
79. Re7+ Kg6 80. Re6+ Kg7 81. Kd3 Ra3+ 82. Ke4 Re3+ 83. Kf5 Rxf3 84. Rxe5 Rg3
85. Kxf4 Rg4+ 86. Kf5 Rxh4 87. Kg5 Rh1 88. Re7+ Kg8 89. Re4 1/2-1/2

[Event "Scarborough CC Winter Swiss"]
[Site "Toronto CAN"]
[Date "2023.03.02"]
[Round "3.1"]
[White "Southam, David"]
[Black "Huang, Richard"]
[Result "1/2-1/2"]
[WhiteElo "2038"]
[BlackElo "2057"]
[PlyCount "56"]
[EventDate "2023.02.16"]
[EventType "swiss"]
[EventRounds "6"]
[EventCountry "CAN"]

1. d4 Nf6 2. c4 e6 3. Nc3 d5 4. cxd5 exd5 5. Bg5 Be7 6. e3 Be6 7. Bd3 O-O 8.
Nge2 c5 9. Rc1 h6 10. Bxf6 Bxf6 11. dxc5 Nd7 12. b4 Ne5 13. Nd4 Nc6 14. Nxc6
bxc6 15. O-O Rb8 16. a3 a5 17. Qa4 axb4 18. axb4 d4 19. Ne4 Be5 20. Rfd1 dxe3
21. fxe3 Qh4 22. g3 Qh5 23. Bc4 Qf3 24. Nf2 Qxe3 25. Qxc6 Rxb4 26. Re1 Qd4 27.
Qe4 Rb2 28. Re2 Rxe2 1/2-1/2

[Event "Scarborough CC Winter Swiss"]
[Site "Toronto CAN"]
[Date "2023.03.02"]
[Round "3.2"]
[White "Pedersen, Rune"]
[Black "Zhong, Ryan Yunhui"]
[Result "1-0"]
[WhiteElo "2114"]
[BlackElo "2026"]
[PlyCount "73"]
[EventDate "2023.02.16"]
[EventType "swiss"]
[EventRounds "6"]
[EventCountry "CAN"]

1. e4 e6 2. d4 d5 3. exd5 exd5 4. c4 Nf6 5. Nc3 Be6 6. cxd5 Nxd5 7. Bd3 Nc6 8.
Nge2 Bd6 9. Be4 Nce7 10. O-O c6 11. Re1 Qc7 12. h3 O-O-O 13. a3 g5 14. Bxg5 f6
15. Bh4 Rdg8 16. Bg3 Bxg3 17. Nxg3 Nxc3 18. bxc3 h5 19. h4 Bg4 20. Qb3 Ng6 21.
Bxg6 Rxg6 22. Re3 Bd7 23. Nf1 f5 24. Qf7 Rhg8 25. Rg3 Qd6 26. Re1 Be6 27. Rxe6
Qxe6 28. Qxe6+ Rxe6 29. Rxg8+ Kc7 30. Rg5 Re2 31. Rxh5 Ra2 32. Rxf5 Rxa3 33. h5
c5 34. Rxc5+ Kd7 35. h6 Ra6 36. Rh5 Rc6 37. h7 1-0

[Event "Scarborough CC Winter Swiss"]
[Site "Toronto CAN"]
[Date "2023.03.02"]
[Round "3.3"]
[White "Wang, Nathan"]
[Black "Li, Adam"]
[Result "1/2-1/2"]
[WhiteElo "1717"]
[BlackElo "1941"]
[PlyCount "107"]
[EventDate "2023.02.16"]
[EventType "swiss"]
[EventRounds "6"]
[EventCountry "CAN"]

1. e4 e5 2. Nf3 Nc6 3. Bc4 Nf6 4. d3 Be7 5. c3 O-O 6. O-O d5 7. exd5 Nxd5 8.
Re1 Bg4 9. h3 Bh5 10. Bb5 f6 11. d4 exd4 12. Bxc6 bxc6 13. cxd4 c5 14. dxc5
Bxc5 15. Nbd2 Nb4 16. Qb3+ Bf7 17. Qc3 Nd3 18. Re2 Bb6 19. Nc4 Nxc1 20. Rxc1
Re8 21. Rd2 Qe7 22. Nxb6 cxb6 23. a3 Rad8 24. Re1 Qb7 25. Rxd8 Rxd8 26. Qe3 Bd5
27. Nd4 Qd7 28. f3 Bf7 29. Rd1 Qa4 30. Rd2 Re8 31. Qf2 Qc4 32. Rc2 Qd3 33. Qd2
Qxd2 34. Rxd2 Rd8 35. Nb3 Rxd2 36. Nxd2 Bd5 37. Kf2 Kf7 38. Ke3 Ke6 39. h4 h5
40. g3 g5 41. Ne4 Bxe4 42. Kxe4 f5+ 43. Ke3 f4+ 44. Kf2 gxh4 45. gxh4 Kd5 46.
Ke2 Kc4 47. Kd2 Kb3 48. Kc1 b5 49. Kb1 a5 50. Kc1 Kc4 51. Kc2 a4 52. Kd2 Kd4
53. Ke2 Kc4 54. Kd2 1/2-1/2

[Event "Scarborough CC Winter Swiss"]
[Site "Toronto CAN"]
[Date "2023.03.02"]
[Round "3.4"]
[White "Wu, Benjamin"]
[Black "Ugodnikov, Arkadiy"]
[Result "1/2-1/2"]
[WhiteElo "1895"]
[BlackElo "1624"]
[PlyCount "120"]
[EventDate "2023.02.16"]
[EventType "swiss"]
[EventRounds "6"]
[EventCountry "CAN"]

1. e4 e5 2. Nf3 Nc6 3. Bb5 a6 4. Ba4 Nf6 5. d3 d6 6. O-O Be7 7. h3 b5 8. Bb3 h6
9. Be3 O-O 10. Nbd2 Na5 11. c3 Nxb3 12. axb3 Bb7 13. b4 Qd7 14. Nb3 Rad8 15.
Qc2 Rfe8 16. Rfe1 Kh7 17. c4 c6 18. Red1 Qc7 19. Na5 Qb8 20. Qb3 Kg8 21. Rdc1
Rc8 22. Qa3 Ba8 23. Nb3 Bb7 24. Na5 Ba8 25. Rc2 bxc4 26. Nxc4 Bb7 27. Rac1 Bf8
28. Na5 d5 29. Nxc6 Qa8 30. Ncxe5 dxe4 31. dxe4 Bxe4 32. Rxc8 Rxc8 33. Rxc8
Qxc8 34. Qc3 Qb7 35. Bc5 Qc8 36. Qc4 Bd5 37. Qd4 Be6 38. Kh2 Nd7 39. Nxd7 Qxd7
40. Qxd7 Bxd7 41. Kg3 f6 42. Kf4 Kf7 43. Ke4 Bc6+ 44. Kd4 Be7 45. Bxe7 Kxe7 46.
Kc5 Be4 47. b5 axb5 48. Kxb5 Kd6 49. b4 g5 50. Kb6 h5 51. Ne1 Ke5 52. b5 h4 53.
Kc7 f5 54. f3 Bd5 55. Nd3+ Kd4 56. Nb4 Ba8 57. Kb8 Bxf3 58. gxf3 Kc5 59. Nd3+
Kxb5 60. Ne5 Kc5 1/2-1/2

[Event "Scarborough CC Winter Swiss"]
[Site "Toronto CAN"]
[Date "2023.03.02"]
[Round "3.5"]
[White "Guan, Daniel"]
[Black "Mendoza, Armand Jess"]
[Result "0-1"]
[WhiteElo "1606"]
[BlackElo "1793"]
[PlyCount "53"]
[EventDate "2023.02.16"]
[EventType "swiss"]
[EventRounds "6"]
[EventCountry "CAN"]

1. d4 Nf6 2. c4 e5 3. dxe5 Ng4 4. Nf3 Bc5 5. e3 Nc6 6. Be2 Ngxe5 7. Nxe5 Nxe5
8. Nc3 d6 9. O-O a6 10. b3 Bf5 11. Bb2 h5 12. Na4 Ba7 13. Bd4 Bxd4 14. exd4 Ng6
15. Re1 Kf8 16. Bf3 Rb8 17. Qd2 Nh4 18. Be4 Rh6 19. Bxf5 Nxf5 20. Re2 Rg6 21.
f3 Qf6 22. Rd1 h4 23. Kh1 Ng3+ 24. hxg3 hxg3 25. Re4 Rh6+ 26. Kg1 Qf5 27. Kf1
0-1

[Event "Scarborough CC Winter Swiss"]
[Site "Toronto CAN"]
[Date "2023.03.02"]
[Round "3.6"]
[White "Grisar, Charles"]
[Black "Kwan, Toy Chack"]
[Result "1-0"]
[WhiteElo "1756"]
[BlackElo "1605"]
[PlyCount "75"]
[EventDate "2023.02.16"]
[EventType "swiss"]
[EventRounds "6"]
[EventCountry "CAN"]

1. d4 e6 2. c4 Nf6 3. Nf3 Bb4+ 4. Bd2 Qe7 5. a3 Bxd2+ 6. Nbxd2 d6 7. b4 e5 8.
dxe5 dxe5 9. g3 O-O 10. e4 a5 11. Rb1 Rd8 12. Qb3 axb4 13. axb4 Nc6 14. Bg2 Nd4
15. Nxd4 Rxd4 16. Qc2 Be6 17. O-O Rad8 18. Nf3 Rxc4 19. Qb2 Qd6 20. Qxe5 Qxe5
21. Nxe5 Rcd4 22. Rfc1 Ne8 23. Nf3 Rxe4 24. Ng5 Re2 25. Bxb7 Rdd2 26. Ne4 Ra2
27. Nc3 Bf5 28. Nxe2 Bxb1 29. Nc3 Rc2 30. Re1 Nd6 31. Nxb1 Kf8 32. Bg2 Rb2 33.
Nc3 Rxb4 34. Nd5 Rc4 35. h4 h6 36. Rd1 c6 37. Ne3 Rb4 38. Rxd6 1-0

[Event "Scarborough CC Winter Swiss"]
[Site "Toronto CAN"]
[Date "2023.03.09"]
[Round "4.1"]
[White "Mendoza, Armand Jess"]
[Black "Southam, David"]
[Result "0-1"]
[WhiteElo "1793"]
[BlackElo "2038"]
[PlyCount "78"]
[EventDate "2023.02.16"]
[EventType "swiss"]
[EventRounds "6"]
[EventCountry "CAN"]

1. e4 e6 2. f4 d5 3. e5 c5 4. Nf3 Nh6 5. Bb5+ Bd7 6. Bxd7+ Qxd7 7. O-O Nc6 8.
c3 d4 9. d3 dxc3 10. bxc3 O-O-O 11. Ne1 f6 12. Qe2 Nf5 13. Nd2 h5 14. g3 Be7
15. Rb1 Rdg8 16. Nc4 g5 17. a4 g4 18. a5 Kb8 19. a6 b6 20. Qg2 Kc7 21. Ne3 h4
22. Nxf5 exf5 23. Kf2 hxg3+ 24. hxg3 Rh3 25. Rh1 Rgh8 26. Rxh3 gxh3 27. Qh2
fxe5 28. fxe5 Nxe5 29. Bf4 Bd6 30. Bxe5 Bxe5 31. Nf3 Bxc3 32. g4+ Kc8 33. gxf5
Qxd3 34. Qh1 Qc2+ 35. Kg3 Qxf5 36. Rf1 Rg8+ 37. Kf2 Bd4+ 38. Ke1 Rg2 39. Nd2
Qe5+ 0-1

[Event "Scarborough CC Winter Swiss"]
[Site "Toronto CAN"]
[Date "2023.03.09"]
[Round "4.2"]
[White "Wu, Nolan"]
[Black "Grisar, Charles"]
[Result "1-0"]
[WhiteElo "1758"]
[BlackElo "1756"]
[PlyCount "59"]
[EventDate "2023.02.16"]
[EventType "swiss"]
[EventRounds "6"]
[EventCountry "CAN"]

1. e4 c5 2. Nf3 d6 3. Bb5+ Bd7 4. Bxd7+ Nxd7 5. O-O Ngf6 6. Re1 g6 7. c3 e5 8.
d3 Bg7 9. Na3 O-O 10. Nc4 b5 11. Ne3 Nb6 12. Nc2 Qc7 13. Bg5 d5 14. Rc1 h6 15.
Bh4 g5 16. Bg3 Nh5 17. Bxe5 Bxe5 18. Nxe5 Nf4 19. Ng4 Kg7 20. e5 c4 21. Nd4 Qd7
22. Qf3 cxd3 23. g3 d2 24. gxf4 dxc1=Q 25. Rxc1 Rh8 26. fxg5 hxg5 27. Qf6+ Kg8
28. Nf5 Rh7 29. Qxg5+ Kf8 30. Nf6 1-0

[Event "Scarborough CC Winter Swiss"]
[Site "Toronto CAN"]
[Date "2023.03.09"]
[Round "4.3"]
[White "Jeyakumar, Bhavatharshan"]
[Black "Wang, Nathan"]
[Result "1-0"]
[WhiteElo "1744"]
[BlackElo "1717"]
[PlyCount "61"]
[EventDate "2023.02.16"]
[EventType "swiss"]
[EventRounds "6"]
[EventCountry "CAN"]

1. e4 c5 2. Nf3 Nc6 3. Bb5 g6 4. c3 Bg7 5. Bxc6 bxc6 6. O-O e5 7. d4 cxd4 8.
cxd4 exd4 9. Nxd4 Ne7 10. Nc3 O-O 11. Be3 Qc7 12. Rc1 Ba6 13. Re1 Rab8 14. Qd2
d6 15. Bf4 Rfd8 16. Nd5 Nxd5 17. exd5 c5 18. Nc6 Rxb2 19. Qe3 Rf8 20. Qg3 Bb7
21. Bxd6 Qd7 22. Bxf8 Bxf8 23. Qe5 Rxa2 24. Qb8 Bxc6 25. dxc6 Qxc6 26. Re8 Qf6
27. Rxf8+ Kg7 28. Rg8+ Kh6 29. Qg3 Ra1 30. Qe3+ Kh5 31. Qxc5+ 1-0

[Event "Scarborough CC Winter Swiss"]
[Site "Toronto CAN"]
[Date "2023.03.09"]
[Round "4.4"]
[White "Zhong, Ryan Yunhui"]
[Black "Zhao, Jifan"]
[Result "1-0"]
[WhiteElo "2026"]
[BlackElo "1810"]
[PlyCount "53"]
[EventDate "2023.02.16"]
[EventType "swiss"]
[EventRounds "6"]
[EventCountry "CAN"]

1. e4 e6 2. d4 d5 3. Nd2 Be7 4. Ngf3 Nf6 5. Bd3 c5 6. exd5 Nxd5 7. dxc5 Bxc5 8.
Ne4 Be7 9. O-O Nc6 10. c3 O-O 11. Re1 b6 12. Qc2 f5 13. Bb5 Bd7 14. Neg5 Bxg5
15. Bxg5 Qc7 16. Bxc6 Qxc6 17. Rad1 h6 18. Ne5 Qc8 19. Ng6 Re8 20. Bh4 Kh7 21.
Ne5 g5 22. Bg3 Re7 23. Ng4 h5 24. Rxd5 hxg4 25. Rxf5 exf5 26. Rxe7+ Kg6 27. Qd2
1-0

[Event "Scarborough CC Winter Swiss"]
[Site "Toronto CAN"]
[Date "2023.03.09"]
[Round "4.5"]
[White "Zhong, April"]
[Black "Wu, Benjamin"]
[Result "1-0"]
[WhiteElo "1855"]
[BlackElo "1895"]
[PlyCount "79"]
[EventDate "2023.02.16"]
[EventType "swiss"]
[EventRounds "6"]
[EventCountry "CAN"]

1. e4 e6 2. d4 d5 3. Nd2 Nf6 4. e5 Nfd7 5. Bd3 c5 6. c3 Nc6 7. Ne2 Be7 8. O-O
O-O 9. Nf3 b6 10. h3 Bb7 11. Nh2 a6 12. Bb1 Re8 13. Re1 b5 14. Qd3 Nf8 15. Bd2
Qb6 16. f4 g6 17. g4 a5 18. Nf3 c4 19. Qe3 f5 20. Kh2 Nd7 21. Rg1 Kh8 22. Be1
Rg8 23. Bh4 Bxh4 24. Nxh4 b4 25. Bc2 b3 26. axb3 cxb3 27. Bd3 Ba6 28. Nf3 Bxd3
29. Qxd3 h6 30. gxf5 gxf5 31. Nh4 Ne7 32. Ng2 Rg7 33. Ng3 Rag8 34. Nh5 Rg6 35.
Qd2 Qb5 36. Kh1 Nf8 37. Nh4 Rxg1+ 38. Rxg1 a4 39. Ra1 Nfg6 40. Ng2 1-0

[Event "Scarborough CC Winter Swiss"]
[Site "Toronto CAN"]
[Date "2023.03.09"]
[Round "4.6"]
[White "Gao, Heye"]
[Black "Li, Adam"]
[Result "0-1"]
[WhiteElo "1719"]
[BlackElo "1941"]
[PlyCount "64"]
[EventDate "2023.02.16"]
[EventType "swiss"]
[EventRounds "6"]
[EventCountry "CAN"]

1. e4 e5 2. Nf3 Nc6 3. Bc4 Nf6 4. d3 Be7 5. Nc3 d6 6. h3 h6 7. O-O g5 8. Nh2 a6
9. Nd5 Na5 10. Nxf6+ Bxf6 11. Bb3 Nxb3 12. axb3 Be6 13. Be3 c5 14. f3 h5 15.
Qe2 Qd7 16. Bd2 Be7 17. b4 O-O-O 18. c4 Kb8 19. Ra5 g4 20. f4 f5 21. hxg4 hxg4
22. g3 Rh3 23. Kg2 Rdh8 24. Rh1 cxb4 25. fxe5 dxe5 26. Rxe5 Bd6 27. Bf4 Ka8 28.
exf5 Bxf5 29. Rd5 Bxf4 30. gxf4 Qc6 31. Kg1 g3 32. Rxf5 gxh2+ 0-1

[Event "Scarborough CC Winter Swiss"]
[Site "Toronto CAN"]
[Date "2023.03.09"]
[Round "4.7"]
[White "Kwan, Toy Chack"]
[Black "Chamberland, Luc"]
[Result "1/2-1/2"]
[WhiteElo "1605"]
[BlackElo "1621"]
[PlyCount "43"]
[EventDate "2023.02.16"]
[EventType "swiss"]
[EventRounds "6"]
[EventCountry "CAN"]

1. d4 Nf6 2. Nf3 d5 3. c4 c6 4. cxd5 cxd5 5. Nc3 Nc6 6. Bf4 e6 7. e3 a6 8. Be2
Be7 9. O-O O-O 10. Rc1 h6 11. Ne5 Nxe5 12. Bxe5 Bd7 13. Na4 Bc6 14. Qb3 Nd7 15.
Bg3 f5 16. Nc5 Nxc5 17. dxc5 Qd7 18. Be5 Bf6 19. Qc3 Rac8 20. b4 Bb5 21. Bxb5
Qxb5 22. Bxf6 1/2-1/2

[Event "Scarborough CC Winter Swiss"]
[Site "Toronto CAN"]
[Date "2023.03.16"]
[Round "5.1"]
[White "Southam, David"]
[Black "Jeyakumar, Bhavatharshan"]
[Result "1/2-1/2"]
[WhiteElo "2038"]
[BlackElo "1744"]
[PlyCount "108"]
[EventDate "2023.02.16"]
[EventType "swiss"]
[EventRounds "6"]
[EventCountry "CAN"]

1. d4 Nf6 2. Nf3 g6 3. c4 d5 4. cxd5 Nxd5 5. e4 Nf6 6. Nc3 Bg4 7. Be2 Bg7 8. h3
Bxf3 9. Bxf3 c6 10. Be3 O-O 11. Qd2 e6 12. O-O-O Nbd7 13. h4 h5 14. Rdg1 e5 15.
d5 cxd5 16. Nxd5 Rc8+ 17. Kb1 Nc5 18. Nxf6+ Qxf6 19. Bg5 Qb6 20. g4 hxg4 21.
Rxg4 Ne6 22. Be3 Qd8 23. Qxd8 Rfxd8 24. Bxa7 Rd3 25. Bd1 Nd4 26. Rg3 Bh6 27.
Bb3 Rxg3 28. fxg3 Nxb3 29. axb3 Rd8 30. g4 Bf4 31. g5 Rd3 32. Ka2 Rd2 33. Bc5
Re2 34. Rd1 Rd2 35. Rxd2 Bxd2 36. Bd6 Be1 37. Bxe5 Bxh4 38. Bf6 Kf8 39. Ka3 Ke8
40. Kb4 Kd7 41. Kb5 Bf2 42. Be5 Be3 43. Bf6 Bf2 44. Kc4 Be3 45. Kd5 Bf4 46. b4
Be3 47. b5 Bb6 48. Bd4 Bd8 49. Be3 Bc7 50. b3 Bd6 51. e5 Be7 52. b6 Bd8 53. b4
Be7 54. b5 Bd8 1/2-1/2